Normal view MARC view
  • American Association of State Highway and Transportation Officials

Entry Personal Name

Number of records used in: 5

001 - CONTROL NUMBER

  • control field: 20005

003 - CONTROL NUMBER IDENTIFIER

  • control field: NUST

005 - DATE AND TIME OF LATEST TRANSACTION

  • control field: 20190905104408.0

008 - FIXED-LENGTH DATA ELEMENTS

  • fixed length control field: 190905|| aca||aabn | a|a d

040 ## - CATALOGING SOURCE

  • Original cataloging agency: NUST
  • Transcribing agency: NUST

100 ## - HEADING--PERSONAL NAME

  • Personal name: American Association of State Highway and Transportation Officials

670 ## - SOURCE DATA FOUND

  • Source citation: Work cat.: (NUST): American Association of State Highway and Transportation Officials, Guides for Bicycle Routes, 1974
© 2023 Central Library, National University of Sciences and Technology. All Rights Reserved.